Êtes-vous rapide ? Test de rapidité planètes - Statistiques

Statistiques générales
  • Ce quiz a été pris 836 fois
  • Le résultat moyen est 6 sur 8
Statistiques - réponses
Planète % Correct
Terre
96%
Mars
93%
Jupiter
82%
Vénus
80%
Mercure
72%
Saturne
72%
Uranus
68%
Neptune
63%
Aucun quiz correspondant
Distribution des résultats
% des personnes avec chaque résultat
Percentile par nombre de réponses
Votre historique - résultats
Vous n’avez pas pris ce quiz